[Event "DRUZYNOWE MISTRZOSTWA POLSKI - I LIGA"]
[Site "Ustron"]
[Date "1899-12-30"]
[Round "5.12"]
[White "Moscicka, Pola"]
[Black "Dwilewicz, Katarzyna"]
[Result "1/2-1/2"]
[WhiteTitle "k++"]
[BlackTitle "WFM"]
[WhiteElo "1880"]
[BlackElo "2134"]

1. d4 d5 2. c4 e6 3. Nf3 Nf6 4. g3 dxc4 5. Bg2 c5 6. O-O Nc6 7. Qa4 Bd7 8. Qxc4
cxd4 9. Nxd4 Rc8 10. Nxc6 Bxc6 11. Bxc6+ Rxc6 12. Qa4 Bc5 13. Nc3 O-O 14. Bg5
Qd4 15. Rad1 Qxa4 16. Nxa4 Be7 17. Nc3 h6 18. Be3 a6 19. Rd3 b5 20. Rfd1 Rfc8
21. Bd4 Nd7 22. Ne4 Nf8 23. Bc3 f6 24. Kg2 b4 25. Bd4 Rc2 26. R1d2 Kf7 27. Be3
Rxd2 28. Rxd2 Rc6 29. f4 a5 30. Kf3 Ke8 31. g4 Nd7 32. Nf2 Nb6 33. Bxb6 Rxb6 34.
e4 Rc6 35. Nd3 Bd8 36. e5 Bb6 37. exf6 gxf6 38. h4 Bd8 39. Nf2 Be7 40. Ne4 f5
41. gxf5 1/2-1/2

[Event "DRUZYNOWE MISTRZOSTWA POLSKI - I LIGA"]
[Site "Ustron"]
[Date "1899-12-30"]
[Round "5.13"]
[White "Kuzmicz, Krystian"]
[Black "Szpar, Milosz"]
[Result "1/2-1/2"]
[WhiteTitle "IM"]
[BlackTitle "FM"]
[WhiteElo "2468"]
[BlackElo "2397"]

1. g3 e5 2. Bg2 d5 3. c3 Nf6 4. d4 Nbd7 5. Nh3 c6 6. O-O Bd6 7. f3 O-O 8. e4 dxe4
9. fxe4 Re8 10. Nd2 Nf8 11. Nf2 Be6 12. Nf3 Bc4 13. Re1 Ng6 14. Be3 h6 15. Qc2
Qc7 16. Rad1 a5 17. b3 1/2-1/2

[Event "DRUZYNOWE MISTRZOSTWA POLSKI - I LIGA"]
[Site "Ustron"]
[Date "1899-12-30"]
[Round "5.14"]
[White "Mis, Mieszko"]
[Black "Butkiewicz, Lukasz"]
[Result "1-0"]
[WhiteTitle "FM"]
[BlackTitle "IM"]
[WhiteElo "2350"]
[BlackElo "2393"]

1. Nf3 Nf6 2. c4 e6 3. g3 d5 4. Bg2 dxc4 5. Qa4+ Nbd7 6. Qxc4 c5 7. O-O a6 8. Qc2
b5 9. a4 Bb7 10. d3 Be7 11. Nc3 b4 12. Nb1 a5 13. Nbd2 O-O 14. b3 Nd5 15. Bb2
Bf6 16. Rac1 Bxb2 17. Qxb2 Qe7 18. Nb1 Rfd8 19. e4 N5b6 20. Nbd2 e5 21. Rfd1 f6
22. Qc2 Ba6 23. Nf1 Rac8 24. Bh3 Rc7 25. d4 exd4 26. Nxd4 Ne5 27. Ne6 Rxd1 28.
Rxd1 Rd7 29. Ne3 Rxd1+ 30. Qxd1 Bb7 31. f4 Nf7 32. Nf5 Qd7 33. Qc2 c4 34. Nexg7
Qd3 35. Qxd3 cxd3 36. Ne8 Nd7 37. Nfd6 d2 38. Bg4 Bc6 39. Nc4 Nc5 40. Nxf6+ Kg7
41. Nh5+ Kh6 42. Nxd2 Nxe4 43. Nxe4 Bxe4 44. Bd1 Nd6 45. Nf6 Bg6 46. Kf2 Kg7 47.
Nd7 Ne4+ 48. Ke3 Nc3 49. Bf3 Nxa4 50. bxa4 b3 51. Bd5 b2 52. Ba2 Bf7 53. Bb1 Bg6
54. f5 1-0

[Event "DRUZYNOWE MISTRZOSTWA POLSKI - I LIGA"]
[Site "Ustron"]
[Date "1899-12-30"]
[Round "5.16"]
[White "Chyzy, Jakub"]
[Black "Brodowski, Piotr"]
[Result "0-1"]
[WhiteTitle "FM"]
[BlackTitle "IM"]
[WhiteElo "2249"]
[BlackElo "2446"]

1. e4 c5 2. Nf3 Nc6 3. d4 cxd4 4. Nxd4 g6 5. c4 Bg7 6. Be3 Nf6 7. Nc3 O-O 8. Be2
d6 9. O-O Bd7 10. f3 Nxd4 11. Bxd4 Bc6 12. Qd2 a5 13. b3 Nd7 14. Be3 Nc5 15. Rab1
Be5 16. a3 e6 17. b4 axb4 18. axb4 Qf6 19. Nb5 Qh4 20. g3 Bxg3 21. Bd1 Nxe4 22.
fxe4 Bxe4 23. Rb3 Ra1 24. Bd4 Rxd1 25. Rxd1 Bxh2+ 26. Qxh2 Qg4+ 27. Kf2 Qxd1 28.
Re3 Ra8 29. Kg3 Bc6 30. Bf6 h5 31. Qf2 Qg4+ 32. Kh2 Qxc4 33. Nxd6 Ra2 34. Bb2
Rxb2 35. Qxb2 Qf4+ 36. Rg3 h4 0-1

[Event "DRUZYNOWE MISTRZOSTWA POLSKI - I LIGA"]
[Site "Ustron"]
[Date "1899-12-30"]
[Round "5.18"]
[White "Wikar, Martyna"]
[Black "Przezdziecka, Ewa"]
[Result "1-0"]
[WhiteTitle "k++"]
[BlackTitle "WFM"]
[WhiteElo "2045"]
[BlackElo "2166"]

1. e4 d6 2. d4 Nf6 3. Nc3 e5 4. Nf3 Nbd7 5. Rg1 c6 6. g4 exd4 7. Qxd4 h6 8. Be3
Nc5 9. e5 dxe5 10. Qxd8+ Kxd8 11. O-O-O Ke8 12. Nxe5 Be6 13. Bc4 Nfd7 14. Bxe6
fxe6 15. Ng6 Rg8 16. Rge1 a5 17. Nf4 g5 18. Bxc5 gxf4 19. Bxf8 Nxf8 20. f3 Rg7
21. Re4 Rf7 22. Ne2 Rd8 23. Nxf4 Rxd1+ 24. Kxd1 Rd7+ 25. Ke2 Ke7 26. h4 Kf6 27.
Nd3 b6 28. Rf4+ Kg7 29. h5 Rd5 30. c4 Rd7 31. Ne5 Rc7 32. Rd4 c5 33. Rd8 Rb7 34.
a4 Kf6 35. Rxf8+ Kxe5 36. Ke3 Rd7 37. f4+ Kd6 38. Rh8 Kc6 39. Rxh6 Rd4 40. Rxe6+
Kc7 41. h6 Rd1 42. Ke4 Rd2 43. g5 Rxb2 44. h7 Rh2 45. Rh6 1-0

[Event "DRUZYNOWE MISTRZOSTWA POLSKI - I LIGA"]
[Site "Ustron"]
[Date "1899-12-30"]
[Round "5.19"]
[White "Maciejczak, Jakub"]
[Black "Cukrowski, Filip"]
[Result "1/2-1/2"]
[WhiteTitle "FM"]
[BlackTitle "FM"]
[WhiteElo "2371"]
[BlackElo "2406"]

1. Nf3 c5 2. c4 Nc6 3. b3 Nf6 4. Bb2 e6 5. e3 d5 6. cxd5 exd5 7. d3 Bd6 8. Be2
O-O 9. O-O Bg4 10. Nbd2 Re8 11. Re1 Rc8 12. Rc1 a6 13. d4 cxd4 14. Nxd4 Bxe2 15.
Qxe2 Nxd4 16. Bxd4 Qe7 17. Nf3 Ne4 18. Bb2 Qd7 19. Qd3 Rxc1 20. Rxc1 Rc8 21. Rxc8+
Qxc8 22. h3 Qc5 23. Qd4 f6 24. Qxc5 Bxc5 25. Kf1 1/2-1/2

[Event "DRUZYNOWE MISTRZOSTWA POLSKI - I LIGA"]
[Site "Ustron"]
[Date "1899-12-30"]
[Round "5.20"]
[White "Pacan-milej, Kosma"]
[Black "Janaszak, Dawid"]
[Result "1-0"]
[WhiteTitle "FM"]
[BlackTitle "FM"]
[WhiteElo "2420"]
[BlackElo "2356"]

1. d4 d5 2. c4 c6 3. Nf3 Nf6 4. Qb3 a5 5. e3 a4 6. Qc2 g6 7. Bd3 Bg7 8. Nc3 dxc4
9. Bxc4 O-O 10. O-O Nbd7 11. e4 b5 12. Bd3 e5 13. Ne2 Bb7 14. Bg5 Re8 15. Rad1
Qb6 16. dxe5 Nxe5 17. Nxe5 Rxe5 18. Bf4 Ree8 19. Be3 Qc7 20. h3 Rac8 21. Nc3 Qa5
22. a3 Ba6 23. Be2 Re6 24. Rd2 Rce8 25. Rfd1 Bb7 26. Bc5 h5 27. Bf3 Qa8 28. Qd3
Kh7 29. g3 Bc8 30. Qc2 Qb7 31. Bd4 Bh6 32. Re2 Nd7 33. Bg2 Qb8 34. Be3 Bg7 35.
f4 Nb6 36. e5 Nc4 37. Ne4 Kg8 38. Bc5 Qc7 39. Ng5 Bh6 40. Nxe6 Bxe6 41. Qe4 Rc8
42. Kh2 Bf8 43. Bxf8 Kxf8 44. Qf3 Kg7 45. Qc3 Qb6 46. f5 gxf5 47. Qc1 Kg6 48.
h4 1-0

[Event "DRUZYNOWE MISTRZOSTWA POLSKI - I LIGA"]
[Site "Ustron"]
[Date "1899-12-30"]
[Round "5.21"]
[White "Dudzinski, Pawel"]
[Black "Licznerski, Lukasz"]
[Result "0-1"]
[WhiteTitle "FM"]
[BlackTitle "FM"]
[WhiteElo "2199"]
[BlackElo "2377"]

1. e4 c5 2. Nc3 Nc6 3. g3 g6 4. Bg2 Bg7 5. d3 d6 6. Be3 Rb8 7. Qd2 b5 8. a3 Nd4
9. Nge2 Bg4 10. Bxd4 cxd4 11. Nd1 h5 12. h3 Bxe2 13. Kxe2 h4 14. g4 e5 15. f4
exf4 16. Qxf4 Be5 17. Qd2 g5 18. c3 Bf4 19. Qc2 Ne7 20. cxd4 Rc8 21. Qb3 Nc6 22.
Qxb5 O-O 23. Qa4 Qb6 24. Kf1 Nxd4 25. Qb4 Nb3 26. Qxb6 axb6 27. Ra2 Rc1 28. Bf3
Rfc8 29. Rg1 Nd4 30. Kg2 R8c2+ 31. Nf2 Rxg1+ 0-1

[Event "DRUZYNOWE MISTRZOSTWA POLSKI - I LIGA"]
[Site "Ustron"]
[Date "1899-12-30"]
[Round "5.22"]
[White "Godzwon, Iwo"]
[Black "Szyszylo, Rafal"]
[Result "1-0"]
[WhiteTitle "FM"]
[BlackTitle "k"]
[WhiteElo "2317"]
[BlackElo "2188"]

1. e4 g6 2. d4 Bg7 3. Nc3 d6 4. f4 Nf6 5. Nf3 c5 6. dxc5 Qa5 7. Bd3 Qxc5 8. Qe2
Nc6 9. Be3 Qa5 10. Bd2 O-O 11. Nd5 Qd8 12. O-O-O Bg4 13. h3 Bxf3 14. Qxf3 Rc8
15. Qe3 Nd7 16. Bc3 Bxc3 17. Nxc3 Qa5 18. a3 Qc5 19. Qg3 Nf6 20. h4 h5 21. Rhe1
Ng4 22. Rd2 e6 23. Be2 Nf6 24. Qg5 Kg7 25. Qxc5 dxc5 26. e5 Ng8 27. Rd7 b6 28.
Nb5 a5 29. Bf3 Nge7 30. Red1 Rfd8 31. c3 Rxd7 32. Rxd7 Rd8 33. Rc7 Rc8 34. Rxc8
1-0

[Event "DRUZYNOWE MISTRZOSTWA POLSKI - I LIGA"]
[Site "Ustron"]
[Date "1899-12-30"]
[Round "5.23"]
[White "Kucza, Karol"]
[Black "Kowalczyk, Pawel"]
[Result "1-0"]
[WhiteTitle "FM"]
[BlackTitle "m"]
[WhiteElo "2285"]
[BlackElo "2339"]

1. e4 c5 2. Nf3 Nc6 3. d4 cxd4 4. Nxd4 e5 5. Nb5 d6 6. c4 Be7 7. N1c3 a6 8. Na3
f5 9. exf5 Bxf5 10. Bd3 Be6 11. Nc2 Nf6 12. O-O O-O 13. Bg5 Qd7 14. Qe2 Rae8 15.
Bxf6 gxf6 16. Be4 Kh8 17. Rad1 Bg4 18. f3 Bh5 19. g4 f5 20. Bxc6 Qxc6 21. gxh5
Rg8+ 22. Kh1 Rg5 23. Nd5 Bd8 24. b3 Rxh5 25. f4 Rh4 26. fxe5 Rxe5 27. Qf3 f4 28.
Nxf4 Bg5 29. Qxc6 bxc6 30. Ng2 Rh6 31. Nd4 Bf6 32. Nf5 Rh3 33. Rxd6 Bg5 34. Rxc6
h5 35. Rg6 1-0

[Event "DRUZYNOWE MISTRZOSTWA POLSKI - I LIGA"]
[Site "Ustron"]
[Date "1899-12-30"]
[Round "5.24"]
[White "Starosta, Martyna"]
[Black "Andrejczuk, Beata"]
[Result "1-0"]
[WhiteTitle "WCM"]
[BlackTitle "WFM"]
[WhiteElo "2038"]
[BlackElo "2024"]

1. e4 d5 2. exd5 Qxd5 3. Nc3 Qd8 4. d4 Nf6 5. Nf3 g6 6. Bc4 Bg7 7. O-O O-O 8. h3
b6 9. Bf4 Nc6 10. Nb5 a6 11. Na3 Bb7 12. c3 e6 13. Re1 Ne7 14. Bd3 Nf5 15. Be5
Nd5 16. Bxg7 Kxg7 17. Nc4 Nh4 18. Nxh4 Qxh4 19. Be4 Rad8 20. Ne5 f5 21. Bf3 Bc8
22. Qb3 g5 23. Nc6 Rd6 24. Bxd5 exd5 25. Re7+ Kh8 26. Rxc7 f4 27. Qb4 Qh6 28.
Re1 a5 29. Qa3 f3 30. Ree7 Bf5 31. Ne5 g4 32. Nf7+ Rxf7 33. Rxf7 g3 34. fxg3 f2+
35. Kxf2 Bd7 36. Rcxd7 Qd2+ 1-0

[Event "DRUZYNOWE MISTRZOSTWA POLSKI - I LIGA"]
[Site "Ustron"]
[Date "1899-12-30"]
[Round "5.25"]
[White "Ponizil, Cyril"]
[Black "Szwed, Jacek"]
[Result "1-0"]
[WhiteTitle "IM"]
[BlackTitle "FM"]
[WhiteElo "2507"]
[BlackElo "2380"]

1. e4 e6 2. d3 c5 3. g3 Nc6 4. Bg2 g6 5. f4 Bg7 6. Nf3 d6 7. O-O Nge7 8. c3 O-O
9. Na3 e5 10. Be3 b6 11. Nc4 exf4 12. Bxf4 d5 13. Ne3 Bb7 14. e5 Qd7 15. d4 cxd4
16. cxd4 f6 17. exf6 Bxf6 18. Bh6 Bg7 19. Bxg7 Kxg7 20. Qd2 Qd6 21. Rae1 Ba6 22.
Rf2 Nb4 23. Bf1 Bxf1 24. Rexf1 Ng8 25. Ne5 Nf6 26. Rxf6 Rxf6 27. Rxf6 Kxf6 28.
Qxb4 Qxb4 29. Nxd5+ Kf5 30. Nxb4 Ke4 31. Nbc6 Rf8 32. Kg2 g5 33. a4 h5 34. Nxa7
Kxd4 35. Nf3+ Ke3 36. Nxg5 Rf2+ 37. Kh3 Rxb2 38. Nc8 Kd4 39. Ne6+ Kd5 40. Nf4+
Kc6 41. Na7+ Kb7 42. Nb5 Rb4 43. Nc3 Rc4 44. Ncd5 Rxa4 45. Kh4 b5 46. Kxh5 Kc6
47. h4 Rd4 48. g4 b4 49. g5 b3 50. g6 b2 51. Nc3 Rxf4 52. g7 Rf5+ 53. Kg6 Rf3
54. g8=Q Rg3+ 55. Kh7 Rxg8 56. Kxg8 Kc5 57. Na4+ Kd4 58. Nxb2 Ke5 59. h5 Kd5 1-0

[Event "DRUZYNOWE MISTRZOSTWA POLSKI - I LIGA"]
[Site "Ustron"]
[Date "1899-12-30"]
[Round "5.26"]
[White "Zylka, Stanislaw"]
[Black "Paszewski, Mateusz"]
[Result "0-1"]
[WhiteTitle "FM"]
[BlackTitle "FM"]
[WhiteElo "2377"]
[BlackElo "2275"]

1. Nf3 d5 2. c4 c6 3. Qc2 Nf6 4. g3 g6 5. Bg2 Bg7 6. O-O O-O 7. b3 e5 8. Nxe5 Ng4
9. d4 Nxe5 10. dxe5 Bxe5 11. Bb2 Bf5 12. Qd2 Bxb2 13. Qxb2 dxc4 14. Nd2 cxb3 15.
Nc4 Qe7 16. axb3 Nd7 17. Rfd1 Be6 18. Nd6 Nb6 19. e4 f6 20. f4 Nc8 21. Nxc8 Rfxc8
22. b4 Rd8 23. h3 Rxd1+ 24. Rb1 Rc1+ 25. Rxc1 Rd8 26. Rd1 Kf7 27. Rd4 Rd5 28.
Kh2 Rxd4 29. Qxd4 b6 30. e5 c5 31. bxc5 Qxc5 32. Qd8 fxe5 33. Qh8 exf4 34. Qxh7+
Kf6 35. Qxa7 fxg3+ 36. Kxg3 Qe5+ 37. Kf2 b5 38. Qb6 Kg7 39. Qb7+ Bf7 40. h4 Qd4+
41. Kg3 b4 42. Be4 b3 43. Kf3 Qf6+ 44. Kg3 b2 45. Qb8 Be6 46. Qa7+ Bf7 47. Qb8
Qc3+ 48. Kf4 Qd2+ 49. Kf3 Qd1+ 50. Ke3 Qe1+ 51. Kf3 Qc3+ 52. Kf4 Qd4 53. Kf3 Bd5
54. Qc7+ Kh6 55. Qf4+ Kh7 0-1

[Event "DRUZYNOWE MISTRZOSTWA POLSKI - I LIGA"]
[Site "Ustron"]
[Date "1899-12-30"]
[Round "5.27"]
[White "Ciesla, Adam"]
[Black "Koziol, Kamil"]
[Result "0-1"]
[WhiteTitle "m"]
[BlackTitle "FM"]
[WhiteElo "2294"]
[BlackElo "2296"]

1. e4 c5 2. Nf3 e6 3. b3 Nc6 4. Bb2 d6 5. d4 cxd4 6. Nxd4 e5 7. Nxc6 bxc6 8. c4
Nf6 9. Nc3 Be7 10. g3 Bg4 11. Qd3 h5 12. Bg2 Qc8 13. h3 Be6 14. Rd1 O-O 15. Qe2
g6 16. Bc1 Ne8 17. g4 Ng7 18. Bh6 hxg4 19. hxg4 Bxg4 20. f3 Bh5 21. Bh3 Qd8 22.
Bg4 Bh4+ 23. Kd2 Bg5+ 24. Bxg5 Qxg5+ 25. Kc2 Bxg4 26. fxg4 Ne6 27. Qh2 Kg7 28.
Qh7+ Kf6 29. Rxd6 Ke7 30. c5 Rad8 31. Rf1 Qxg4 32. Kb1 Rxd6 33. cxd6+ Kxd6 34.
Rxf7 Qg1+ 35. Kb2 Rxf7 36. Qxf7 Qe1 37. Qf3 Qd2+ 38. Ka3 Nf4 39. Na4 a5 40. Nc3
g5 41. Nd1 g4 42. Qxg4 Nd3 43. Qg6+ Kc5 44. Qg1+ Kb5 45. Nc3+ Qxc3 46. Qc5+ Kxc5
0-1

[Event "DRUZYNOWE MISTRZOSTWA POLSKI - I LIGA"]
[Site "Ustron"]
[Date "1899-12-30"]
[Round "5.28"]
[White "Nowak, Mikolaj"]
[Black "Tomaszewski, Roman"]
[Result "1-0"]
[WhiteTitle "k"]
[BlackTitle "IM"]
[WhiteElo "2279"]
[BlackElo "2206"]

1. d4 Nf6 2. c4 g6 3. Nc3 d5 4. Nf3 Bg7 5. cxd5 Nxd5 6. Bg5 h6 7. Bh4 Nxc3 8. bxc3
O-O 9. e3 Nc6 10. Qb3 b6 11. Be2 Na5 12. Qa3 Re8 13. O-O Be6 14. Nd2 c6 15. Rfd1
g5 16. Bg3 f5 17. Rac1 Bf7 18. c4 Rc8 19. Nf3 Bh5 20. Qb2 e6 21. Be5 Bxf3 22.
Bxf3 Qe7 23. c5 b5 24. Bxg7 Qxg7 25. a4 a6 26. axb5 axb5 27. Ra1 g4 28. Be2 Nb7
29. Ra7 Rc7 30. Qa2 h5 31. f4 h4 32. Ra1 Kh7 33. Bd3 Kh6 34. Qf2 Qf6 35. R1a6
Ree7 36. Qa2 Nd8 37. Ra8 Red7 38. Rb6 Kg7 39. Rbb8 Qe7 40. Qa5 Kf7 41. Be2 Kf6
42. Qe1 Kg7 43. Qd1 Kh7 44. Bd3 Kh6 45. Qe2 Ra7 46. Qe1 Kh5 47. Be2 Kh6 48. Rxd8
Rxd8 49. Rxa7 1-0

[Event "DRUZYNOWE MISTRZOSTWA POLSKI - I LIGA"]
[Site "Ustron"]
[Date "1899-12-30"]
[Round "5.29"]
[White "Flis, Jacek"]
[Black "Tomaszewski, Kacper"]
[Result "0-1"]
[WhiteTitle "FM"]
[BlackTitle "FM"]
[WhiteElo "2214"]
[BlackElo "2341"]

1. e4 c5 2. Nf3 e6 3. d4 cxd4 4. Nxd4 Bc5 5. Nb3 Bb6 6. Bd3 Ne7 7. O-O O-O 8. Kh1
f5 9. f4 fxe4 10. Bxe4 d5 11. Bf3 Nbc6 12. Nc3 Nf5 13. g3 Rf6 14. Ne2 Rh6 15.
c3 Kh8 16. Qd3 e5 17. Qc2 e4 18. Bg4 Nxg3+ 19. Nxg3 Bxg4 20. f5 Rh3 21. Qg2 Qh4
0-1

[Event "DRUZYNOWE MISTRZOSTWA POLSKI - I LIGA"]
[Site "Ustron"]
[Date "1899-12-30"]
[Round "5.30"]
[White "Kucharska, Honorata"]
[Black "Lach, Aleksandra"]
[Result "1-0"]
[WhiteTitle "WFM"]
[BlackTitle "WIM"]
[WhiteElo "2237"]
[BlackElo "2188"]

1. d4 c5 2. d5 f5 3. g3 g6 4. Bg2 Bg7 5. c4 d6 6. Nh3 Qb6 7. Qc2 Nd7 8. O-O Ne5
9. Nf4 Nf6 10. Nd2 O-O 11. Nf3 Nf7 12. Rb1 a5 13. b3 Ne4 14. Bb2 Bxb2 15. Qxb2
Qb4 16. Rfc1 Qb6 17. h4 a4 18. h5 g5 19. Ne6 Bxe6 20. dxe6 Nd8 21. Nd2 a3 22.
Qc2 Nxd2 23. Qxd2 h6 24. b4 cxb4 25. Rxb4 Qa5 26. Qc3 Rf6 27. Bd5 Kf8 28. Kg2
Rc8 29. Rb5 Qxc3 30. Rxc3 Nxe6 31. Bxb7 Rc7 32. Bd5 Nd4 33. Rb8+ Kg7 34. e3 e6
35. Ba8 Nc6 36. Bxc6 Rxc6 37. Rxa3 Rf7 38. Raa8 f4 39. Rg8+ Kf6 40. Rg6+ Kf5 41.
exf4 Rxc4 42. Re8 e5 43. f3 e4 44. Rxe4 Rxe4 45. fxe4+ Kxe4 46. fxg5 hxg5 47.
Rxd6 g4 48. a4 Rh7 49. h6 Ke5 50. Rb6 Rc7 51. a5 Rc2+ 52. Kf1 Ke4 53. Rb4+ Kf3
54. Rb3+ Ke4 55. a6 Rc7 56. Ra3 Kd5 1-0

[Event "DRUZYNOWE MISTRZOSTWA POLSKI - I LIGA"]
[Site "Ustron"]
[Date "1899-12-30"]
[Round "6.3"]
[White "Zezulkin, Jurij"]
[Black "Nowak, Mikolaj"]
[Result "1/2-1/2"]
[WhiteTitle "GM"]
[BlackTitle "k"]
[WhiteElo "2410"]
[BlackElo "2279"]

1. e4 c6 2. d4 d5 3. Nc3 dxe4 4. Nxe4 Bf5 5. Ng3 Bg6 6. h4 h6 7. Nf3 Nd7 8. h5
Bh7 9. Bd3 Bxd3 10. Qxd3 e6 11. Bd2 Ngf6 12. O-O-O Be7 13. Ne4 Nxe4 14. Qxe4 Nf6
15. Qd3 c5 16. Qb5+ Qd7 17. Qxd7+ Nxd7 18. Bc3 Nf6 19. d5 Nxd5 20. Bxg7 Rh7 21.
Be5 c4 22. Rhe1 Rc8 23. Re4 a6 24. Rg4 Kf8 25. c3 b5 26. Kc2 Bc5 27. Nd4 Ke7 28.
Bg3 Rhh8 29. a4 bxa4 30. Ra1 a3 31. bxa3 Bd6 32. Bh4+ Kf8 33. Re4 Rg8 34. g4 Rb8
35. Nc6 Rc8 36. Nd4 Rb8 37. f3 Kg7 38. Nc6 Rb5 39. a4 Rc5 40. Nb4 Ra5 41. Nxd5
exd5 42. Ree1 Rb8 43. Bf2 Bc5 44. Bg3 Rb7 45. Re8 Be7 46. Be5+ Bf6 47. Bxf6+ Kxf6
48. Rg8 d4 49. cxd4 Rb3 50. f4 Rf3 51. f5 Rg3 52. Rb1 Rxa4 53. Rb6+ Ke7 54. Ra8
Ra2+ 55. Kb1 Rf2 56. Ra7+ 1/2-1/2

[Event "DRUZYNOWE MISTRZOSTWA POLSKI - I LIGA"]
[Site "Ustron"]
[Date "1899-12-30"]
[Round "6.4"]
[White "Tomaszewski, Kacper"]
[Black "Rawicz, Karol"]
[Result "1/2-1/2"]
[WhiteTitle "FM"]
[BlackTitle "FM"]
[WhiteElo "2341"]
[BlackElo "2225"]

1. d4 d5 2. c4 e6 3. Nf3 Nf6 4. Nc3 Be7 5. Bf4 O-O 6. e3 Nbd7 7. c5 c6 8. Bd3 b6
9. b4 a5 10. a3 Ba6 11. Bxa6 Rxa6 12. b5 cxb5 13. c6 Qc8 14. c7 b4 15. Nb5 bxa3
1/2-1/2

[Event "DRUZYNOWE MISTRZOSTWA POLSKI - I LIGA"]
[Site "Ustron"]
[Date "1899-12-30"]
[Round "6.5"]
[White "Klepek, Witold"]
[Black "Posluszny, Tomasz"]
[Result "1-0"]
[WhiteTitle "k++"]
[BlackTitle "I++"]
[WhiteElo "2159"]
[BlackElo "2065"]

1. e4 e5 2. Nc3 Nc6 3. Bc4 Nf6 4. d3 Na5 5. f4 Nxc4 6. dxc4 d6 7. Nf3 Be6 8. b3
exf4 9. Bxf4 Be7 10. Qd2 O-O 11. O-O Nd7 12. Nd5 Bxd5 13. cxd5 Bf6 14. Rae1 Re8
15. c4 a5 16. Qc2 b6 17. Re2 Ne5 18. Nd4 Ng6 19. Nc6 Qd7 20. h3 Ne7 21. e5 Nxc6
22. exf6 Nd4 23. Rxe8+ Rxe8 24. Qd3 Ne2+ 25. Kh2 Nxf4 26. Rxf4 gxf6 27. Qg3+ Kh8
28. Rxf6 Rg8 29. Qf4 Rg7 30. Qe4 Qd8 31. Rf2 Qd7 32. Re2 f5 33. Qh4 Qf7 34. Re6
Qg8 35. Qd4 Qf7 36. Rf6 Qe7 37. Rxf5 Kg8 38. Rf2 Rg5 39. Qd2 Qe5+ 40. Kg1 Qa1+
41. Rf1 Qg7 42. Qe2 Re5 43. Qf3 h5 44. h4 Qe7 45. Qg3+ Kh7 46. Qf4 Kg7 47. Rf3
Re1+ 48. Kh2 Re5 49. Rg3+ Kh7 50. a4 Re4 51. Qf5+ Kh8 52. Qxh5+ Qh7 53. Qxh7+
Kxh7 54. Kh3 Kh6 55. Rf3 1-0

[Event "DRUZYNOWE MISTRZOSTWA POLSKI - I LIGA"]
[Site "Ustron"]
[Date "1899-12-30"]
[Round "6.7"]
[White "Cukrowski, Filip"]
[Black "Ponizil, Cyril"]
[Result "1/2-1/2"]
[WhiteTitle "FM"]
[BlackTitle "IM"]
[WhiteElo "2406"]
[BlackElo "2507"]

1. e4 c5 2. Nf3 e6 3. d4 cxd4 4. Nxd4 a6 5. Bd3 Nf6 6. Qe2 d6 7. c4 Nbd7 8. Nc3
Qc7 9. f4 g6 10. O-O Bg7 11. Be3 O-O 12. Rac1 b6 13. b4 Bb7 14. Nb3 Rad8 15. Rfd1
Qb8 16. c5 bxc5 17. bxc5 Qa8 18. cxd6 Nxe4 19. Nxe4 Bxe4 20. Bxe4 Qxe4 21. Rc4
Qa8 22. Rc7 Nf6 23. Ra7 Qb8 24. Qxa6 Qb4 25. Qf1 Rd7 26. Rxd7 Nxd7 27. Qe1 Qb5
28. Qa5 Qe2 29. Qd2 Qb5 30. Qd3 Qb4 31. h3 Ra8 32. Rd2 Bf8 33. Qd4 Qa3 34. Nc5
Rd8 35. Ne4 Rc8 36. Qa7 Qxa7 37. Bxa7 Rc6 38. g4 f5 39. Ng5 Rxd6 40. Rxd6 Bxd6
41. Nxe6 fxg4 42. hxg4 Kf7 43. Ng5+ Ke7 44. Nh3 1/2-1/2

[Event "DRUZYNOWE MISTRZOSTWA POLSKI - I LIGA"]
[Site "Ustron"]
[Date "1899-12-30"]
[Round "6.8"]
[White "Paszewski, Mateusz"]
[Black "Pacan-milej, Kosma"]
[Result "1/2-1/2"]
[WhiteTitle "FM"]
[BlackTitle "FM"]
[WhiteElo "2275"]
[BlackElo "2420"]

1. d4 Nf6 2. c4 e6 3. Nc3 d5 4. cxd5 exd5 5. Bg5 c6 6. e3 Bd6 7. Bd3 O-O 8. Nf3
Re8 9. O-O Nbd7 10. Qc2 Nf8 11. h3 Ng6 12. Rfe1 h6 13. Bxf6 Qxf6 14. e4 Nh4 15.
Nxh4 Qxh4 16. e5 Bb4 17. Rad1 Kh8 18. Bf5 Be6 19. g3 Qh5 20. Bxe6 fxe6 21. Kg2
Rf8 22. Re3 Bxc3 23. Rxc3 Rf7 24. Rd2 Raf8 25. Ra3 a6 26. Rb3 g5 27. g4 Qh4 28.
Rg3 Kg7 29. f3 h5 30. Qc5 Rh8 31. gxh5 Rxh5 32. Rf2 Qf4 33. Rg4 Qf5 34. Qd6 Rh4
35. Rxh4 gxh4 36. Qd8 Qf4 37. Kh1 Qc1+ 38. Kh2 Qf4+ 39. Kh1 Qc1+ 40. Kh2 Qf4+
1/2-1/2

[Event "DRUZYNOWE MISTRZOSTWA POLSKI - I LIGA"]
[Site "Ustron"]
[Date "1899-12-30"]
[Round "6.9"]
[White "Licznerski, Lukasz"]
[Black "Ciesla, Adam"]
[Result "1-0"]
[WhiteTitle "FM"]
[BlackTitle "m"]
[WhiteElo "2377"]
[BlackElo "2294"]

1. d4 Nf6 2. Nf3 g6 3. Nc3 d5 4. Bf4 Bg7 5. Nb5 Na6 6. e3 Nh5 7. Bg5 h6 8. Bh4
O-O 9. Ne5 c5 10. Be2 cxd4 11. exd4 Nf4 12. Bf3 f6 13. Nd3 Nxd3+ 14. Qxd3 f5 15.
h3 Qa5+ 16. c3 f4 17. Bxd5+ e6 18. Bb3 g5 19. Nd6 Qb6 20. Nxc8 Raxc8 21. Bxg5
hxg5 22. h4 g4 23. Qg6 Rf6 24. Qxg4 Kh8 25. O-O-O Qc6 26. Kb1 Nc7 27. Rde1 b5
28. Re5 Rg8 29. Rg5 Qe8 30. Bc2 Bh6 31. Qe2 Rg7 32. g4 fxg3 33. fxg3 Qf7 34. g4
Kg8 35. Rxg7+ Bxg7 36. g5 Rf2 37. Qd3 Qf4 38. h5 Qxg5 39. Qh7+ Kf8 40. h6 Bxh6
41. Qxc7 Qg2 42. Qb8+ Kf7 43. Qxa7+ Kf8 44. Qc5+ Kg8 45. Qc8+ Kg7 46. Qc7+ Kf8
47. Qd6+ Kf7 48. Re1 Re2 49. Qd7+ Kf8 50. Qd8+ Kf7 51. Qd7+ Kf8 52. Rd1 Rxc2 53.
Qxb5 Qe4 54. Ka1 Rf2 55. a4 Qc2 56. Rg1 Rf5 57. Qb8+ Ke7 58. Qc7+ Kf8 59. Qd8+
Kf7 60. Qg8+ Ke7 61. Qh7+ Kd6 62. Qxh6 Rf2 63. Qc1 Qxa4+ 64. Kb1 Qb3 65. Rf1 Rf5
66. Rxf5 exf5 67. Qf4+ Kc6 68. Qf3+ Kd6 69. Qf4+ Kc6 70. Qf3+ Kd6 71. Kc1 Qe6
72. Qf4+ Kd7 73. Kd2 Qg6 74. Kd3 Qh5 75. b4 Qd1+ 76. Kc4 Qc2 77. d5 Qa2+ 78. Kd4
Qc2 79. Qe3 Kd8 80. Ke5 Kc8 81. d6 Qh2+ 82. Kxf5 Qh7+ 83. Ke5 Qh5+ 84. Kd4 Qd1+
85. Kc5 Qh5+ 86. Kb6 Kb8 87. Qc5 Qh7 88. Qc7+ Qxc7+ 89. dxc7+ Ka8 90. c8=R# 1-0

[Event "DRUZYNOWE MISTRZOSTWA POLSKI - I LIGA"]
[Site "Ustron"]
[Date "1899-12-30"]
[Round "6.10"]
[White "Tomaszewski, Roman"]
[Black "Godzwon, Iwo"]
[Result "0-1"]
[WhiteTitle "IM"]
[BlackTitle "FM"]
[WhiteElo "2206"]
[BlackElo "2317"]

1. d4 Nf6 2. Bf4 g6 3. Nc3 d5 4. e3 Bg7 5. h4 h5 6. Nf3 Bg4 7. Be2 Bxf3 8. Bxf3
c6 9. Qd2 Nbd7 10. O-O-O b5 11. Kb1 Nb6 12. b3 a5 13. Be5 Nbd7 14. Bg3 a4 15.
b4 Nb6 16. Be2 a3 17. Be5 e6 18. Ka1 Kf8 19. g3 Ne8 20. Bxg7+ Kxg7 21. Nb1 Nd6
22. c3 Qe7 23. Qc2 e5 24. Bd3 Qf6 25. Rhf1 Nbc4 26. Nd2 exd4 27. exd4 Rhe8 28.
Bxc4 bxc4 29. Nb1 Nb5 30. Rfe1 Qf3 31. Qd2 Kg8 32. Qc2 Nd6 33. Rc1 Kg7 34. Qd2
Ne4 35. Qc2 Nxf2 36. Rxe8 Rxe8 37. Nxa3 Re2 38. Qa4 Nd3 0-1

[Event "DRUZYNOWE MISTRZOSTWA POLSKI - I LIGA"]
[Site "Ustron"]
[Date "1899-12-30"]
[Round "6.11"]
[White "Kowalczyk, Pawel"]
[Black "Flis, Jacek"]
[Result "1-0"]
[WhiteTitle "m"]
[BlackTitle "FM"]
[WhiteElo "2339"]
[BlackElo "2214"]

1. e4 c5 2. Ne2 Nc6 3. g3 e6 4. Bg2 Nf6 5. O-O Be7 6. c3 O-O 7. d4 cxd4 8. cxd4
d5 9. e5 Ne8 10. Nbc3 f6 11. Nf4 fxe5 12. dxe5 Nxe5 13. Re1 Bf6 14. Be3 Nd6 15.
Qb3 Re8 16. Rad1 Kh8 17. Bc5 Ndf7 18. Nh5 Bd7 19. Nxf6 Qxf6 20. f4 Nc6 21. Qxb7
Qd8 22. Qb3 Qa5 23. Bf2 Rab8 24. Qc2 Nd6 25. b3 Rbc8 26. Qd2 Nf5 27. Na4 Qxd2
28. Rxd2 Rcd8 29. Nc5 Bc8 30. g4 Nh6 31. Bh4 Rd6 32. Rxd5 Rxd5 33. Bxd5 Nd4 34.
h3 Ng8 35. Bf2 Nf6 36. Bg2 Nc2 37. Re2 Nb4 38. a3 Nbd5 39. Bg3 Nb6 40. a4 h6 41.
Bf3 Rd8 42. Kf2 Kg8 43. a5 Nbd5 44. g5 hxg5 45. fxg5 Nh7 46. h4 Nf8 47. Rd2 Ng6
48. h5 Nge7 49. Bc7 Rf8 50. Bd6 Kf7 51. Kg1 Rd8 52. g6+ Ke8 53. Be5 Kf8 54. Bc7
Re8 55. Bd6 Kg8 56. Bg4 Nf6 1-0